000 01024nam a22002537a 4500
005 20170810155046.0
010 _a1617EN ENG-116861
020 _a9788177372519
_c1495.00
035 _aB-651919-933
035 _aEN-100393
035 _aB-667813
037 _adpl
_bPragati
037 _bDBAD/PUB
082 _a343.54071
100 _aAgarwal, V.K.
245 _aBharat's consumer protection (law and practice) /
_c by V.K.Agarwal
250 _a7th ed.
260 _aNew Delhi
_bBharat Law House
_c2016
270 _aT-1/95, Mangolpuri Industrial Area, Phase-I
_bNew Delhi
_e110 083
300 _a95,1239p.
_c25 cm(Hb)
942 _2ddc
_cEN
_h343.54071
_mAGA
999 _c102434
_d102434